| 000 | 05838nam a2200409 a 4500 | ||
|---|---|---|---|
| 003 | CHAP | ||
| 005 | 20250605111835.0 | ||
| 007 | ta | ||
| 008 | 250127s2024 mx abdofom||| 001 0 spa d | ||
| 040 | _erda | ||
| 041 |
_aspa _beng |
||
| 100 | 1 |
_aCampos Herrera, María Paula _9189933 |
|
| 240 | 1 | 0 |
_aDevelopment of a Manual of Good Manufacturing Practices in the packing plant Empacadora Cítricos de Los Altos S. de R.L. de C.V. _lEspañol |
| 245 | 1 | 0 |
_aElaboración de un Manual de Buenas Prácticas de Manufactura en la Empacadora Cítricos de los Altos S. de R.L. de C.V / _cMaría Paula Campos Herrera |
| 264 |
_aChapingo, México : _bEl autor, _c2024 |
||
| 300 |
_a1 recurso en línea (95 páginas) : _bilustraciones, tablas, gráficas, mapas, fotografías |
||
| 336 |
_2rdacontent _atexto _btxt |
||
| 337 |
_2rdamedia _acomputadora _bc |
||
| 338 |
_2rdacarrier _arecurso en línea _bcr |
||
| 502 |
_aInforme de Estancia Preprofesional _bIA _cAgroindustrias _d2024 _gLIC |
||
| 504 | _aIncluye bibliografías | ||
| 520 | 3 | _aEl presente documento integra los resultados obtenidos en la realización de la Estancia Preprofesional dentro de la Empacadora Cítricos de los Altos (CDA) S. de R.L. de C.V. ubicada en Martínez de la Torre, Veracruz durante el periodo comprendido del 31 de julio al 30 de noviembre del 2023.CDA es una empresa que cuenta actualmente con dos plantas ubicadas en los Estados de Veracruz y Jalisco; esta empresa se encarga del empaque de limón persa para exportación y venta nacional. La empresa cuenta con un alto potencial de mejora y expansión, se plantea expandir sus mercados internacionales a Europa y Asia, de ahí la importancia del cumplimiento de la normativa nacional e internacional, por lo que tenemos como primer filtro las Buenas Prácticas de Manufactura (BPM) para garantizar la calidad e inocuidad del proceso de empaque del limón persa. Este proyecto presenta Manual de Buenas Prácticas de Manufactura en la empacadora Cítricos de los Altos S. de R.L. de C.V. Se enfoca en las partes fundamentales de la empresa para asegurar la calidad e inocuidad en el empaque de limón persa. Para ello, se inició realizando una auditoría interna por medio de una lista de verificación de las Disposiciones Generales previstas en la Norma Oficial Mexicana Nom-251-SSA1-2009 para obtener un diagnóstico actual de la empresa y de esta manera plantear alternativas de solución a los puntos débiles que se detectaron. Para la elaboración y redacción de este documento se recogieron los conceptos fundamentales de las Buenas Prácticas de Manufactura que está plasmado en el Codex Alimentarius y la NOM-251-SSA1-2009; los cuales son un precedente para garantizar la inocuidad y calidad de un producto alimentario. El éxito del cumplimiento de dichas prácticas exige un compromiso por parte del personal operativo y administrativo, así como de la línea jerárquica, para inducir un cambio en el comportamiento dentro de la empresa. | |
| 520 | 3 | _aThis document integrates the results obtained in the Pre-professional Internship at Empacadora Cítricos de los Altos (CDA) S. de R.L. de C.V. located in Martínez de la Torre, Veracruz during the period from July 31 to November 30, 2023.CDA is a company that currently has two plants located in the States of Veracruz and Jalisco; this company is responsible for packing Persian lemons for export and domestic sale. The company has a high potential for improvement and expansion, it plans to expand its international markets to Europe and Asia, hence the importance of compliance with national and international regulations, so we have as a first filter the Good Manufacturing Practices (GMP) to ensure the quality and safety of the packing process of Persian lemons. This project presents a Manual of Good Manufacturing Practices in the packing plant Cítricos de los Altos S. de R.L. de C.V. It focuses on the fundamental parts of the company to ensure quality and safety in the packing of Persian lemons.To this end, we began by conducting an internal audit using a checklist of the General Provisions set forth in Mexican Official Standard Nom-251-SSA1-2009 to obtain a current diagnosis of the company and thus propose alternative solutions to the weaknesses detected. For the preparation and drafting of this document, the fundamental concepts of Good Manufacturing Practices as set forth in the Codex Alimentarius and NOM-251-SSA1-2009, which are a precedent for guaranteeing the safety and quality of a food product, were taken into account. Successful compliance with these practices requires a commitment on the part of operational and administrative personnel, as well as the hierarchical line, to induce a change in behavior within the company. | |
| 650 | 1 | 3 |
_aFrutos cítricos _2atg _9152028 _xControl de calidad |
| 650 | 1 | 3 |
_aFrutos cítricos _2atg _9152028 _xBuenas prácticas de fabricación _xManuales |
| 650 | 1 | 3 |
_aFrutos cítricos _2atg _9152028 _xBuenas prácticas de higiene _xManuales |
| 650 | 1 | 3 |
_aFrutos cítricos _2atg _9152028 _xProcedimientos operativos estandarizados de saneamiento _xManuales |
| 650 | 1 | 3 |
_aCitrus fruits _2atg _9152026 _xQuality control |
| 650 | 1 | 3 |
_aCitrus fruits _9152026 _xGood manufacturing practices _xManuals, text-books, etc. |
| 650 | 1 | 3 |
_aCitrus fruits _2atg _9152026 _xGood hygiene practices _xManuals, text-books, etc. |
| 650 | 1 | 3 |
_aCitrus fruits _2atg _9152026 _xSanitation standard operating procedures _xManuals, text-books, etc. |
| 700 | 1 |
_aReyna Izaguirre, Diana América _9147338 _edirectora |
|
| 700 | 1 |
_aMaldonado Simán, Ema de Jesús _970136 _easesora |
|
| 700 | 1 |
_aMartínez Mosqueda, Francisco _9148600 _easesor |
|
| 856 |
_yDESCARGAR PDF _uhttp://10.13.5.2/tesis/tl/1810310-5_CAMPOS_HERRERA_MARIAPAULA.pdf |
||
| 942 |
_2Clasificación Universidad Autónoma Chapingo _cTD |
||
| 999 |
_c220384 _d220384 |
||